|
|
|
|
| LEADER |
00000cac a2200000 i 4500 |
| 003 |
Ucuenca |
| 005 |
20230320074307.0 |
| 006 |
a||||gr|||| 00| 0 |
| 007 |
ta |
| 008 |
000000s1960 ag ||||r|||||||||||spa a |
| 040 |
|
|
|b spa
|a UCuenca-cdrjbv
|c UCuenca
|e rda
|
| 041 |
1 |
|
|a ale
|
| 082 |
0 |
|
|2 21
|a 110
|c 53960
|
| 100 |
1 |
|
|a Scheler, Max.
|d 1874- 1928
|e autor
|9 266762
|
| 240 |
|
|
|a Phanomenologie und metaphysik der freiheit.
|l Español
|
| 245 |
1 |
0 |
|a Metafísica de la libertad /
|c Max Scheler, Walter Liebling, J. Gómez de la Serna y Favre, Curt Hacker y Vicente P. Quinteros, traductores.
|
| 250 |
|
|
|a Primera edición
|
| 264 |
|
1 |
|a Buenos Aires:
|b Nova,
|c 1960.
|
| 300 |
|
|
|a 276 páginas:
|c 20 cm
|
| 336 |
|
|
|2 rdacontent
|a texto
|b txt
|
| 337 |
|
|
|2 rdamedia
|a no mediado
|b n
|
| 338 |
|
|
|2 rdacarrier
|a volumen
|b nc
|
| 490 |
0 |
|
|a La Vida del Espíritu
|
| 504 |
|
|
|a incl. ref.
|
| 505 |
1 |
|
|a Fenomenología y metafísica de la libertad -- Acerca de la idea del hombre -- La idea del hombre y la historia -- El porvenir del hombre -- El saber y la cultura -- El hombre en la etapa de la nivelación -- Cosmovisión filosófica -- Ensayos de una filosofía de la vida.
|
| 650 |
1 |
7 |
|2 UCuenca-cdrjbv
|a Metafísica
|9 139
|
| 651 |
|
|
|2 UCuenca-cdrjbv
|
| 700 |
1 |
|
|a Liebling, Walter.
|d 1894-1998
|e traductor
|9 241313
|
| 700 |
1 |
|
|9 260707
|a Gómez de la Serna y Favre, J.
|e traductor
|d (ca.1854-ca 1914)
|
| 700 |
1 |
|
|9 260630
|a Hacker, Curt.
|e traductor
|
| 700 |
1 |
|
|9 260631
|a Quinteros, Vicente P.
|e traductor
|
| 852 |
|
|
|a UC-CDJBV
|
| 942 |
|
|
|z diana.fajardo@ucuenca.edu.ec
|2 ddc
|c CR
|r luz.vázquez@ucuenca.edu.ec
|
| 999 |
|
|
|c 129977
|d 129977
|